| 000 | 00508nam a2200205Ia 4500 | ||
|---|---|---|---|
| 008 | 170918s9999 xx 000 0 und d | ||
| 020 | _a9780545404624 | ||
| 050 | _bK655 2010 | ||
| 100 | _aKline, Suzy | ||
| 245 | _aHorrible Harry goes cuckoo / | ||
| 245 | _cSuzy Kline ; pictures by Amy Wummer. | ||
| 260 | _aNew York : | ||
| 260 | _bScholastic, | ||
| 260 | _c2010 | ||
| 300 | _a70 pages : | ||
| 300 | _bcolored illustration ; | ||
| 300 | _c19cm. | ||
| 440 | _aHorrible Harry. | ||
| 500 | _a530 | ||
| 999 |
_c342578 _d342578 |
||